000 00210nam a22000857a 4500
008 170614b xxu||||| |||| 00| 0 eng d
100 _93421
_aGupta. A. D
245 _aMath Steps class- 5
260 _aPatna
_bB. B
_c2010
999 _c6788
_d6788